| 000 | 01110nam a22002417a 4500 | ||
|---|---|---|---|
| 999 |
_c17314 _d17314 |
||
| 005 | 20181220153105.0 | ||
| 010 | _aB-281534, B-256516 | ||
| 020 |
_a8190157809 _c100.00 |
||
| 035 | _aB-281534, B-256505 B-256514 B-256517 | ||
| 035 | _a B-256516 | ||
| 037 | _bपु.प्र.अ.प्र./प्रका | ||
| 082 | _aक | ||
| 100 | _aस्टीवेन्सन,आर.एल. | ||
| 245 |
_aडॉक्टर जेकिल और मिस्टर हाइड / _cआर.एल.स्टीवेन्सन |
||
| 246 |
_a _b |
||
| 260 |
_aदिल्ली _bग्रामोदय प्रकाशन _c2007 _c2004 |
||
| 270 |
_a511/2, पांडव रोड, विश्वास नगर _bदिल्ली _e110032 |
||
| 300 |
_a91पृ _c22सेमी(सजिल्द) _bसचित्र |
||
| 490 | _aलोकप्रिय विज्ञान माला | ||
| 650 | _aZoology | ||
| 942 |
_cHN _2ddc _hक _mस्टीवेन्स _e2004 |
||